|
|
|
|
| LEADER |
01376cam a2200325 a 4500 |
| 001 |
0000056889 |
| 005 |
20050630090000.0 |
| 040 |
|
|
|a mod
|
| 041 |
|
|
|a eng
|
| 020 |
|
|
|a 9835200831
|
| 090 |
0 |
0 |
|a 363.74
|b MAN
|e 1997
|
| 100 |
0 |
|
|a Mansor Ibrahim
|
| 245 |
1 |
0 |
|a Pencemaran bunyi bising
|c Mansor Ibrahim, Mohd Asri Abu Bakar
|
| 260 |
|
|
|a Skudai
|b Universiti Teknologi Malaysia
|c 1997
|
| 300 |
|
|
|a viii, 78p.
|b ill.
|c 21cm
|
| 500 |
|
|
|a Mengandungi indeks
|
| 504 |
|
|
|a Bibliografi:p. 69
|
| 650 |
0 |
0 |
|a Noise
|
| 650 |
0 |
0 |
|a Noise
|x Measurement
|
| 650 |
0 |
0 |
|a Noise pollution
|z Malaysia
|
| 650 |
0 |
0 |
|a Noise control
|x Law and legislation
|
| 700 |
1 |
|
|a Mohd Asri Abu Bakar
|
| 999 |
|
|
|a 0186110
|b INSAN
|d BOOKS
|e Umum
|f INSAN
|j AVAILABLE
|q GOOD CONDITION
|
| 999 |
|
|
|a 0186111
|b INSAN
|d BOOKS
|e Umum
|f INSAN
|j AVAILABLE
|q GOOD CONDITION
|
| 999 |
|
|
|a 0199275
|b PU KUCHING(TUDM KUCHING)
|d BOOKS
|e Umum
|f PU KUCHING(TUDM KUCHING)
|j AVAILABLE
|q GOOD CONDITION
|
| 999 |
|
|
|a 0231360
|b KD Pelandok
|d BOOKS
|e Umum
|f KD PELANDOK
|j AVAILABLE
|q GOOD CONDITION
|
| 999 |
|
|
|a 0231361
|b KD Pelandok
|d BOOKS
|e Umum
|f KD PELANDOK
|j AVAILABLE
|q GOOD CONDITION
|
| 999 |
|
|
|a B000007773
|b INSAN
|d BOOKS
|e Umum
|f INSAN
|j AVAILABLE
|q GOOD CONDITION
|
| 999 |
|
|
|a B000007774
|b INSAN
|d BOOKS
|e Umum
|f INSAN
|j AVAILABLE
|q GOOD CONDITION
|
| 999 |
|
|
|a B000019075
|b PU SUBANG (TUDM SUBANG)
|d BOOKS
|e Umum
|f PU Subang (TUDM Subang)
|j AVAILABLE
|q GOOD CONDITION
|